[Event "IMSA Basque w 2016"]
[Site "Huai'an CHN"]
[Date "2016.03.02"]
[Round "1.1"]
[White "Huang, Qian"]
[Black "Tan, Zhongyi"]
[Result "1/2-1/2"]
[WhiteTitle "WGM"]
[BlackTitle "WGM"]
[WhiteElo "2450"]
[BlackElo "2504"]
[WhiteFideId "8602689"]
[BlackFideId "8603642"]
[EventDate "2016.03.02"]

1. d4 Nf6 2. Nf3 e6 3. g3 d5 4. Bg2 b5 5. a4 b4 6. c4 bxc3 7. bxc3 Ba6 8. Ne5
Nfd7 9. Nxd7 Nxd7 10. Nd2 Be7 11. c4 c6 12. O-O O-O 13. Qc2 Bb4 14. Ba3 Rb8 15.
Rfc1 Bxa3 16. Rxa3 Nb6 17. c5 Nc4 18. Nxc4 Bxc4 19. a5 Rb4 20. e3 Qb8 21. Raa1
Qb5 22. Rcb1 Rb8 23. Rxb4 Qxb4 24. Bf1 Bxf1 25. Kxf1 f6 26. Kg2 a6 27. Qe2 Qb2
28. Qd1 Rb5 29. h4 Qc3 30. Qg4 Kf7 31. Rf1 Qc2 32. Kg1 Rxa5 33. Qf4 e5 34. dxe5
Ra4 35. e6+ Kxe6 36. Qd6+ Kf7 37. Qxc6 Qb3 38. Qd7+ Kg6 39. c6 Qc3 40. Rd1 Qc2
41. Qxd5 Rc4 42. Rd4 Rxc6 43. Rg4+ Kh6 44. Qd7 g6 45. Rd4 Rc4 46. Qd6 Rxd4 47.
exd4 Qb1+ 48. Kh2 Qf5 49. Kg1 Qb1+ 1/2-1/2

[Event "IMSA Basque w 2016"]
[Site "Huai'an CHN"]
[Date "2016.03.02"]
[Round "1.2"]
[White "Tan, Zhongyi"]
[Black "Huang, Qian"]
[Result "1/2-1/2"]
[WhiteTitle "WGM"]
[BlackTitle "WGM"]
[WhiteElo "2504"]
[BlackElo "2450"]
[WhiteFideId "8603642"]
[BlackFideId "8602689"]
[EventDate "2016.03.02"]

1. d4 d5 2. Nf3 Nf6 3. c4 c6 4. Nc3 g6 5. Bg5 Ne4 6. cxd5 cxd5 7. Bf4 Nc6 8. e3
Nxc3 9. bxc3 Bg7 10. Be2 O-O 11. O-O Be6 12. Ng5 Bf5 13. Rc1 Rc8 14. c4 dxc4 15.
e4 Qxd4 16. Rxc4 Qxd1 17. Rxd1 h6 18. exf5 hxg5 19. Bxg5 gxf5 20. Bf3 e6 21.
Rdc1 Rc7 22. Bxc6 bxc6 23. Rxc6 Rxc6 24. Rxc6 Rb8 25. h3 a5 26. Rc2 a4 27. Be7
Bd4 28. g3 Rb7 29. Ba3 e5 30. Kg2 Kg7 31. g4 fxg4 32. hxg4 Rb1 33. Bc5 Bxc5 34.
Rxc5 f6 35. Rc4 Kg6 36. Rxa4 Kg5 37. Rc4 Ra1 38. a4 Ra3 39. Kf1 Ra2 40. Kg2 Ra3
41. Rb4 Kh4 42. Rc4 Kg5 43. Rb4 Kh4 44. Re4 Kg5 45. Kg1 Ra2 46. Kg2 Ra3 47. Rb4
Kh4 48. Rc4 Kg5 1/2-1/2

[Event "IMSA Basque w 2016"]
[Site "Huai'an CHN"]
[Date "2016.03.02"]
[Round "1.3"]
[White "Lagno, Kateryna"]
[Black "Socko, Monika"]
[Result "1/2-1/2"]
[WhiteTitle "GM"]
[BlackTitle "GM"]
[WhiteElo "2529"]
[BlackElo "2448"]
[WhiteFideId "14109336"]
[BlackFideId "1106619"]
[EventDate "2016.03.02"]

1. e4 e6 2. d4 d5 3. Nc3 Bb4 4. e5 c5 5. a3 Bxc3+ 6. bxc3 Nc6 7. Qg4 g6 8. Nf3
Qa5 9. Bd2 Qa4 10. Qf4 Qxc2 11. dxc5 h6 12. Nd4 Qb2 13. Rc1 Nxd4 14. cxd4 Ne7
15. Bd3 Qxa3 16. Bb5+ Bd7 17. Bxd7+ Kxd7 18. O-O Qd3 19. c6+ bxc6 20. Bb4 Nf5
21. Rfd1 Qe2 22. h3 g5 23. Qg4 Qxg4 24. hxg4 Rhb8 25. Bc5 Ne7 26. Rd3 a5 27. Rf3
Ke8 28. Rh3 Ng8 29. Bd6 Rb6 30. Bc5 Rb7 31. Bd6 Ra6 32. f4 f6 33. exf6 Nxf6 34.
Rxh6 Ne4 35. Be5 Rab6 36. fxg5 Rb1 37. Rxe6+ Kf7 38. Rxc6 Nxg5 39. Rxb1 Rxb1+
40. Kh2 Ne4 41. g5 Nxg5 42. Rf6+ Ke8 43. Rd6 Rb5 44. Ra6 Kf7 45. Kg3 Ne6 46. Kg4
Rb4 47. Ra7+ Kg6 48. Ra6 Kf7 49. Rxa5 Nxd4 50. Bxd4 Rxd4+ 51. Kf5 Rd2 52. Ra7+
Ke8 53. g4 d4 54. g5 Rf2+ 55. Ke4 Rg2 56. Kxd4 Rxg5 57. Ke4 1/2-1/2

[Event "IMSA Basque w 2016"]
[Site "Huai'an CHN"]
[Date "2016.03.02"]
[Round "1.4"]
[White "Socko, Monika"]
[Black "Lagno, Kateryna"]
[Result "1/2-1/2"]
[WhiteTitle "GM"]
[BlackTitle "GM"]
[WhiteElo "2448"]
[BlackElo "2529"]
[WhiteFideId "1106619"]
[BlackFideId "14109336"]
[EventDate "2016.03.02"]

1. d4 Nf6 2. c4 g6 3. Nc3 d5 4. Nf3 Bg7 5. Bg5 Ne4 6. cxd5 Nxg5 7. Nxg5 e6 8.
Nf3 exd5 9. e3 c6 10. Be2 O-O 11. O-O Qd6 12. a3 Nd7 13. b4 b5 14. Ne1 a5 15.
Nd3 Nb6 16. Nc5 Nd7 17. Nd3 Nb6 18. Nc5 Nd7 19. Nd3 Nb6 1/2-1/2

[Event "IMSA Basque w 2016"]
[Site "Huai'an CHN"]
[Date "2016.03.02"]
[Round "1.5"]
[White "Paehtz, Elisabeth"]
[Black "Harika, Dronavalli"]
[Result "1/2-1/2"]
[WhiteTitle "IM"]
[BlackTitle "GM"]
[WhiteElo "2472"]
[BlackElo "2511"]
[WhiteFideId "4641833"]
[BlackFideId "5015197"]
[EventDate "2016.03.02"]

1. d4 Nf6 2. c4 g6 3. Nf3 Bg7 4. g3 O-O 5. Bg2 c6 6. O-O d5 7. cxd5 cxd5 8. Nc3
Ne4 9. Qb3 Nxc3 10. bxc3 Nc6 11. Nd2 e6 12. e4 Na5 13. Qc2 b6 14. Ba3 Re8 15.
Rfe1 Bb7 16. exd5 exd5 17. Qd3 Qd7 18. Re3 Bh6 19. Rxe8+ Rxe8 20. Nf3 Nc4 21.
Bc1 Bxc1 22. Rxc1 Qa4 23. Qb1 Re2 24. Bf1 Rxa2 25. Re1 Qc2 26. Qxc2 Rxc2 27. Re7
Bc6 28. Rc7 Bb5 29. Bxc4 Bxc4 30. Ne5 Rxc3 31. Rxa7 b5 32. Rb7 Rc1+ 33. Kg2 Rd1
34. Nxf7 Rxd4 35. Ng5 Rd1 36. Nxh7 d4 37. Nf6+ Kf8 38. Rd7 d3 39. Nh7+ Ke8 40.
Nf6+ Kf8 41. Nh7+ Ke8 42. Nf6+ Kf8 1/2-1/2

[Event "IMSA Basque w 2016"]
[Site "Huai'an CHN"]
[Date "2016.03.02"]
[Round "1.6"]
[White "Harika, Dronavalli"]
[Black "Paehtz, Elisabeth"]
[Result "1/2-1/2"]
[WhiteTitle "GM"]
[BlackTitle "IM"]
[WhiteElo "2511"]
[BlackElo "2472"]
[WhiteFideId "5015197"]
[BlackFideId "4641833"]
[EventDate "2016.03.02"]

1. Nf3 Nf6 2. c4 d6 3. d4 g6 4. Nc3 Bg7 5. e4 O-O 6. h3 c5 7. d5 e6 8. Bd3 exd5
9. exd5 Re8+ 10. Be3 Bh6 11. O-O Bxe3 12. fxe3 a6 13. e4 Nbd7 14. Rf2 Qe7 15.
Qd2 Nh5 16. g4 Ng7 17. Raf1 f6 18. Qf4 Rf8 19. a4 Rf7 20. b3 Rf8 21. Kg2 Rb8 22.
Ne2 b6 23. Ng3 Bb7 24. h4 Rbe8 25. h5 g5 26. Qd2 h6 27. Be2 Bc8 28. Bd1 b5 29.
axb5 axb5 30. cxb5 Nb6 31. Ne1 Bd7 32. Be2 Ra8 33. Qc3 Ne8 34. Nc2 Ra2 35. Ne3
Qe5 36. Qxe5 dxe5 37. Ngf5 Kh7 38. Bc4 Ra5 39. d6 Bxb5 40. Bxb5 Rxb5 41. Rd2 Nd7
42. Rd3 Ng7 43. Nxg7 Kxg7 44. Nf5+ Kf7 45. Ra1 Rb7 46. Nxh6+ Ke6 47. Nf5 Rfb8
48. Ra3 c4 49. bxc4 Nc5 50. Rd5 Nxe4 51. d7 Rb2+ 52. Kh3 Nf2+ 53. Kg3 Ne4+ 54.
Kh3 Nf2+ 55. Kg3 Ne4+ 56. Kh3 1/2-1/2

[Event "IMSA Basque w 2016"]
[Site "Huai'an CHN"]
[Date "2016.03.02"]
[Round "1.7"]
[White "Dzagnidze, Nana"]
[Black "Gunina, Valentina"]
[Result "1/2-1/2"]
[WhiteTitle "GM"]
[BlackTitle "GM"]
[WhiteElo "2529"]
[BlackElo "2496"]
[WhiteFideId "13601903"]
[BlackFideId "4167570"]
[EventDate "2016.03.02"]

1. d4 d5 2. c4 c6 3. cxd5 cxd5 4. Nc3 Nf6 5. Bf4 Nc6 6. Nf3 Nh5 7. Be3 e6 8. Rc1
Bd6 9. g3 O-O 10. Bg2 h6 11. O-O f5 12. Na4 f4 13. Bd2 Qe7 14. e3 fxg3 15. fxg3
Nf6 16. Nh4 Qe8 17. Qc2 e5 18. dxe5 Nxe5 19. Nc5 b6 20. Nd3 Ne4 21. Nxe5 Qxe5
22. Rxf8+ Bxf8 23. Qc6 Rb8 24. Ng6 Qe6 25. Nxf8 Kxf8 26. Qc7 Ra8 27. Qd8+ Kf7
28. Bxe4 Qxe4 29. Rc7+ Kg6 30. Rxc8 Qb1+ 31. Kg2 Qe4+ 32. Kg1 Qb1+ 33. Bc1 Qxc1+
34. Rxc1 Rxd8 35. Rc7 d4 36. Kf2 Rf8+ 37. Ke2 Re8 38. Rxa7 Rxe3+ 39. Kd2 Rf3 40.
b4 b5 41. Ra5 Rf2+ 42. Kd3 Rxh2 43. Kxd4 Rg2 44. Ra3 Rc2 45. Rc3 Rxa2 46. Kc5
Kf5 47. Kxb5 g5 48. Rb3 h5 49. Kc6 Rc2+ 50. Kd7 Rd2+ 51. Ke7 Re2+ 52. Kf7 Rc2
53. b5 Rc7+ 54. Ke8 Kg4 55. Kd8 Rb7 56. Kc8 Rh7 57. b6 h4 58. gxh4 gxh4 59. b7
h3 60. b8=Q Rh8+ 61. Kd7 Rxb8 62. Rxb8 h2 63. Rb1 Kg3 64. Ke6 Kg2 65. Rb2+ Kg1 1/2-1/2

[Event "IMSA Basque w 2016"]
[Site "Huai'an CHN"]
[Date "2016.03.02"]
[Round "1.8"]
[White "Gunina, Valentina"]
[Black "Dzagnidze, Nana"]
[Result "1/2-1/2"]
[WhiteTitle "GM"]
[BlackTitle "GM"]
[WhiteElo "2496"]
[BlackElo "2529"]
[WhiteFideId "4167570"]
[BlackFideId "13601903"]
[EventDate "2016.03.02"]

1. d4 Nf6 2. c4 e6 3. Nf3 d5 4. Nc3 dxc4 5. e4 Bb4 6. Bxc4 Nxe4 7. O-O Nxc3 8.
bxc3 Be7 9. Ne5 O-O 10. Qg4 Nc6 11. Re1 Kh8 12. Qh3 Nxe5 13. Rxe5 f5 14. Bxe6
Bd6 15. Bxc8 Qxc8 16. Re1 Qd7 17. Qf3 Rae8 18. Bd2 c6 19. h4 Qf7 20. a4 Kg8 21.
Bf4 Bxf4 22. Qxf4 Qc4 23. Rxe8 Rxe8 24. Rb1 b6 25. Qxf5 Qxc3 26. Qd7 Re1+ 27.
Kh2 h6 28. Rxe1 Qxe1 29. Kg3 Qc3+ 30. Kg4 Qc4 31. Kg3 Qxa4 32. Qe8+ Kh7 33. Qe4+
Kg8 34. Qe8+ Kh7 35. Qe4+ Kg8 36. Qe8+ Kh7 1/2-1/2

[Event "IMSA Basque w 2016"]
[Site "Huai'an CHN"]
[Date "2016.03.02"]
[Round "1.9"]
[White "Krush, Irina"]
[Black "Stefanova, Antoaneta"]
[Result "1-0"]
[WhiteTitle "GM"]
[BlackTitle "GM"]
[WhiteElo "2458"]
[BlackElo "2509"]
[WhiteFideId "2012782"]
[BlackFideId "2902257"]
[EventDate "2016.03.02"]

1. d4 d5 2. c4 c6 3. cxd5 cxd5 4. Bf4 Nf6 5. Nc3 Nc6 6. e3 Bf5 7. Qb3 Na5 8.
Qa4+ Bd7 9. Qc2 Rc8 10. Bd3 e6 11. Nf3 Be7 12. h3 b5 13. a3 Nc4 14. O-O O-O 15.
Rfc1 a5 16. Qe2 Nh5 17. Bh2 f5 18. a4 bxa4 19. Nxa4 Bxa4 20. Rxa4 Nd6 21. Rca1
Nb7 22. Ba6 Qb6 23. Bxb7 Qxb7 24. Rxa5 Qb3 25. Qa6 Qxb2 26. Qxe6+ Kh8 27. Be5
Rce8 28. Qxd5 h6 29. Ra8 Bd8 30. R1a7 Qb1+ 31. Kh2 Qe4 32. Qd7 Rg8 33. Qf7 Nf6
34. Qg6 f4 35. Qxe4 Nxe4 36. Bxf4 Nxf2 37. Be5 Nd3 38. Rd7 Bf6 39. Rxe8 Rxe8 40.
Rd5 Kg8 41. Kg3 Kf7 42. Rb5 Re6 43. e4 Kg6 44. Bxf6 gxf6 45. Rb3 Nc1 46. Re3 Rb6
47. Nh4+ Kf7 48. Nf5 Kg6 49. d5 Rb2 50. Kf3 Nb3 51. Rd3 Nd2+ 52. Kf4 Nc4 53.
Rg3+ Kf7 54. Rg7+ Kf8 55. Rg6 Kf7 56. Rg7+ Ke8 57. Nxh6 Rf2+ 58. Kg3 Re2 59. Kf3
Re1 60. Ng4 Kf8 61. Rg6 Ke7 62. Rg7+ Kf8 63. Rc7 Nd2+ 64. Kf4 Nxe4 65. Kf5 Nd6+
66. Kg6 f5 67. Nf6 Re2 68. g4 f4 69. Rc3 Re3 70. Rc6 Ke7 71. Rc7+ Kf8 72. Rd7 f3
73. Rxd6 1-0

[Event "IMSA Basque w 2016"]
[Site "Huai'an CHN"]
[Date "2016.03.02"]
[Round "1.10"]
[White "Stefanova, Antoaneta"]
[Black "Krush, Irina"]
[Result "1-0"]
[WhiteTitle "GM"]
[BlackTitle "GM"]
[WhiteElo "2509"]
[BlackElo "2458"]
[WhiteFideId "2902257"]
[BlackFideId "2012782"]
[EventDate "2016.03.02"]

1. Nf3 d5 2. g3 Bg4 3. Bg2 Nd7 4. c4 e6 5. cxd5 exd5 6. O-O c6 7. d3 Ngf6 8. Nc3
Bc5 9. Qb3 Bb6 10. Na4 O-O 11. Nxb6 Qxb6 12. Qc2 Rfe8 13. b3 Ne5 14. Nxe5 Rxe5
15. e3 Ree8 16. Bb2 Nd7 17. Qc3 f6 18. e4 dxe4 19. dxe4 Ne5 20. h3 Bh5 21. g4
Bf7 22. Rad1 h6 23. Kh2 Rad8 24. f4 Ng6 25. Qg3 Rxd1 26. Rxd1 Rd8 27. Rxd8+ Qxd8
28. f5 Nf8 29. Bc3 Nd7 30. h4 Qb8 31. Qxb8+ Nxb8 32. e5 fxe5 33. Bxe5 Nd7 34.
Bc3 Nf6 35. g5 hxg5 36. hxg5 Nd5 37. Bd4 a6 38. g6 Be8 39. Kg3 Bd7 40. Be4 Kf8
41. Kh4 Bc8 42. Kg5 Bd7 43. a4 Bc8 44. a5 Bd7 45. Bd3 Bc8 46. f6 gxf6+ 47. Bxf6
Be6 48. Be5 Kg8 49. Bc4 Bd7 50. Bd4 Be6 51. Be5 Bd7 52. Bd3 Be6 53. g7 Nb4 54.
Bf5 Bxf5 55. Kxf5 Kf7 56. Ke4 Nd5 57. Kd4 Nb4 58. Kc4 Nd5 59. Kc5 Ne7 60. Kb6
Nd5+ 61. Kxb7 Nb4 62. Kb6 Nd3 63. Bc3 Nf4 1-0

[Event "IMSA Basque w 2016"]
[Site "Huai'an CHN"]
[Date "2016.03.02"]
[Round "1.11"]
[White "Ju, Wenjun"]
[Black "Khotenashvili, Bela"]
[Result "1-0"]
[WhiteTitle "GM"]
[BlackTitle "GM"]
[WhiteElo "2558"]
[BlackElo "2502"]
[WhiteFideId "8603006"]
[BlackFideId "13602640"]
[EventDate "2016.03.02"]

1. d4 g6 2. g3 Bg7 3. Bg2 c5 4. c3 Nf6 5. e4 d6 6. Ne2 O-O 7. O-O Nc6 8. h3 cxd4
9. cxd4 d5 10. e5 Ne4 11. Nbc3 Nxc3 12. Nxc3 e6 13. Be3 Bd7 14. Rc1 f6 15. f4
fxe5 16. dxe5 Qa5 17. a3 Rfd8 18. Bf2 Rac8 19. h4 Ne7 20. h5 b5 21. hxg6 hxg6
22. Ne2 Rxc1 23. Nxc1 b4 24. Qd2 Nc6 25. Nb3 Qb5 26. Nc5 bxa3 27. bxa3 Qa5 28.
Qc2 Ne7 29. Nb7 Rc8 30. Qxc8+ Bxc8 31. Nxa5 Ba6 32. Rc1 g5 33. Rc7 Nf5 34. Rxa7
Bd3 35. Nc6 gxf4 36. gxf4 Bh6 37. Ne7+ Nxe7 38. Rxe7 Bf5 39. Be3 Bf8 40. Ra7 Bd3
41. Bh3 Kh8 42. Bxe6 d4 43. Bxd4 Bc4 44. Bxc4 Bc5 45. Ra8+ Kg7 46. Bxc5 1-0

[Event "IMSA Basque w 2016"]
[Site "Huai'an CHN"]
[Date "2016.03.02"]
[Round "1.12"]
[White "Khotenashvili, Bela"]
[Black "Ju, Wenjun"]
[Result "1-0"]
[WhiteTitle "GM"]
[BlackTitle "GM"]
[WhiteElo "2502"]
[BlackElo "2558"]
[WhiteFideId "13602640"]
[BlackFideId "8603006"]
[EventDate "2016.03.02"]

1. d4 Nf6 2. c4 e6 3. g3 d5 4. Bg2 dxc4 5. Nf3 Bb4+ 6. Bd2 a5 7. Qc2 Bxd2+ 8.
Qxd2 O-O 9. Na3 Ne4 10. Qc2 Nd6 11. Nxc4 Nc6 12. O-O Nb4 13. Qc1 Nxc4 14. Qxc4
b6 15. Rfe1 Ba6 16. Qb3 Rc8 17. a3 Nd5 18. e4 Ne7 19. Rad1 Qd6 20. h4 h6 21. e5
Qd7 22. Nh2 Qb5 23. Qxb5 Bxb5 24. Rc1 c5 25. dxc5 Rxc5 26. Rxc5 bxc5 27. Rc1 Rc8
28. Nf1 Nf5 29. Nd2 Nd4 30. Bf1 Bxf1 31. Kxf1 a4 32. Ne4 Rb8 33. Rxc5 Rxb2 34.
Ra5 Nf3 35. h5 Kf8 36. Nd6 Rb8 37. Kg2 Ne1+ 38. Kh3 Nd3 39. f4 Rb3 40. Ra8+ Ke7
41. Ra7+ Kf8 42. Rxa4 Nf2+ 43. Kg2 Ng4 44. Ra8+ Ke7 45. Ra7+ Kf8 46. Rxf7+ Kg8
47. Ra7 Ne3+ 48. Kh3 Rb1 49. g4 Rg1 50. f5 exf5 51. gxf5 Rg5 52. Ra8+ Kh7 53. e6
Nd5 54. Rh8+ Kxh8 55. Nf7+ Kh7 56. Nxg5+ hxg5 57. a4 Kh6 58. a5 Kxh5 59. a6 g4+
60. Kg3 Kg5 61. a7 Nc7 62. e7 Kxf5 63. a8=Q Nxa8 64. e8=Q Nc7 65. Qf7+ 1-0

[Event "IMSA Basque w 2016"]
[Site "Huai'an CHN"]
[Date "2016.03.02"]
[Round "1.13"]
[White "Kosteniuk, Alexandra"]
[Black "Mkrtchian, Lilit"]
[Result "0-1"]
[WhiteTitle "GM"]
[BlackTitle "IM"]
[WhiteElo "2554"]
[BlackElo "2434"]
[WhiteFideId "4128125"]
[BlackFideId "13300601"]
[EventDate "2016.03.02"]

1. e4 c5 2. Nf3 e6 3. d4 cxd4 4. Nxd4 a6 5. Nc3 Qc7 6. Bd3 Nf6 7. f4 d6 8. O-O
Nbd7 9. Kh1 Be7 10. a4 b6 11. Qe2 Bb7 12. Bd2 O-O 13. Rae1 Nc5 14. e5 Nxd3 15.
Qxd3 dxe5 16. fxe5 Nd7 17. Qg3 Kh8 18. Nf3 f5 19. Nd4 Nc5 20. b4 Qd7 21. Be3 Ne4
22. Nxe4 Bxe4 23. c3 Rac8 24. Rc1 Bd5 25. b5 axb5 26. axb5 Rc4 27. Rfd1 Rfc8 28.
Qe1 Qb7 29. Qd2 Rf8 30. Kg1 Qc7 31. Bf4 Rc8 32. h3 Rxc3 33. Rxc3 Qxc3 34. Nxf5
Qxd2 35. Rxd2 Bb4 36. Rd1 Rf8 37. g4 Bf3 38. Rd7 exf5 39. e6 Re8 40. gxf5 Be4
41. Be5 Be7 42. Rxe7 Rxe7 43. f6 gxf6 44. Bxf6+ Rg7+ 45. Kf2 Kg8 46. Ke3 Bg6 47.
e7 Be8 48. Kd4 Rg3 49. Kd5 Bxb5 50. Ke6 Be8 51. Bd4 Rxh3 0-1

[Event "IMSA Basque w 2016"]
[Site "Huai'an CHN"]
[Date "2016.03.02"]
[Round "1.14"]
[White "Mkrtchian, Lilit"]
[Black "Kosteniuk, Alexandra"]
[Result "0-1"]
[WhiteTitle "IM"]
[BlackTitle "GM"]
[WhiteElo "2434"]
[BlackElo "2554"]
[WhiteFideId "13300601"]
[BlackFideId "4128125"]
[EventDate "2016.03.02"]

1. c4 e5 2. Nc3 Nf6 3. Nf3 Nc6 4. g3 Bc5 5. Bg2 O-O 6. O-O d6 7. d3 h6 8. a3 a6
9. b4 Ba7 10. Bb2 Nd4 11. Nd2 c6 12. e3 Bg4 13. Qb1 Ne6 14. h3 Bh5 15. Nde4 Nh7
16. g4 Bg6 17. Ng3 Qh4 18. Nce4 Rad8 19. Kh2 d5 20. cxd5 cxd5 21. Nd2 d4 22. Nf3
Qf6 23. e4 Nf4 24. Bc1 Rfe8 25. Bd2 Nf8 26. Qb3 N8e6 27. Rac1 h5 28. Nf5 hxg4
29. hxg4 Bxf5 30. exf5 Qh6+ 0-1

[Event "IMSA Basque w 2016"]
[Site "Huai'an CHN"]
[Date "2016.03.02"]
[Round "1.15"]
[White "Ushenina, Anna"]
[Black "Zhao, Xue"]
[Result "1/2-1/2"]
[WhiteTitle "GM"]
[BlackTitle "GM"]
[WhiteElo "2450"]
[BlackElo "2506"]
[WhiteFideId "14110911"]
[BlackFideId "8601283"]
[EventDate "2016.03.02"]

1. d4 Nf6 2. c4 e6 3. Nf3 Bb4+ 4. Nbd2 O-O 5. a3 Be7 6. e4 d6 7. Qc2 c5 8. d5
exd5 9. cxd5 Nh5 10. g3 f5 11. Bg2 fxe4 12. Nxe4 Bf5 13. O-O Kh8 14. Qe2 Nf6 15.
Neg5 Nxd5 16. Ne6 Bxe6 17. Qxe6 Nc7 18. Qb3 Nc6 19. Qxb7 Na5 20. Qe4 Nb3 21. Rb1
Bf6 22. Bf4 Rb8 23. Rfd1 Rb6 24. Qd3 Nd4 25. Nxd4 Bxd4 26. b4 Ne6 27. Be3 Qf6
28. bxc5 dxc5 29. a4 Bxe3 30. fxe3 Rb4 31. Rf1 Qe7 32. a5 Rd8 33. Qf5 Nf8 34. e4
Ng6 35. Rxb4 cxb4 36. Qb5 Qd6 37. Rb1 Qd4+ 38. Kh1 Ne5 39. h3 Nd3 40. Kh2 Qc3
41. e5 Nxe5 42. Qxb4 Nf3+ 43. Kh1 Qxb4 44. Rxb4 Rd1+ 45. Bf1 g6 46. Kg2 Ne5 47.
Rb8+ Kg7 48. Be2 Rd2 49. Kf2 Rd7 50. a6 Kf6 51. h4 Nc6 52. Rf8+ Ke5 53. Ke3 Ne7
54. g4 Nd5+ 55. Kf3 Nc3 56. Bc4 Rc7 57. Rf4 Rc6 58. g5 Rc7 59. Bf1 Nd5 60. Re4+
Kd6 61. Bc4 Nb6 62. Be2 Rf7+ 63. Kg4 Kd5 64. Re8 Kd4 65. h5 Nd5 66. hxg6 hxg6
67. Re6 Ne3+ 68. Kg3 Nf5+ 69. Kg4 Ne3+ 70. Kg3 Nf5+ 71. Kg4 Ne3+ 72. Kg3 1/2-1/2

[Event "IMSA Basque w 2016"]
[Site "Huai'an CHN"]
[Date "2016.03.02"]
[Round "1.16"]
[White "Zhao, Xue"]
[Black "Ushenina, Anna"]
[Result "1/2-1/2"]
[WhiteTitle "GM"]
[BlackTitle "GM"]
[WhiteElo "2506"]
[BlackElo "2450"]
[WhiteFideId "8601283"]
[BlackFideId "14110911"]
[EventDate "2016.03.02"]

1. c4 c6 2. Nf3 d5 3. b3 Bf5 4. Bb2 e6 5. g3 h6 6. Bg2 Nf6 7. O-O Nbd7 8. d3 Be7
9. cxd5 cxd5 10. Nc3 O-O 11. Re1 Bh7 12. Rc1 Nc5 13. b4 Ncd7 14. a3 Rc8 15. e4
dxe4 16. dxe4 Nb6 17. e5 Nfd5 18. Nxd5 Nxd5 19. Nd2 Rxc1 20. Bxc1 Qc7 21. Ne4
Rc8 22. Qd4 Qb6 23. Bb2 Qxd4 24. Bxd4 b6 25. Nd6 Rc2 26. Rd1 Bg6 27. Bxd5 exd5
28. Be3 Ra2 29. Nc8 Bf8 30. Nxa7 Rxa3 31. Nc6 Rc3 32. b5 Rb3 33. Ra1 Kh7 34.
Bxb6 Rxb5 35. Be3 Be4 36. f3 Rb1+ 37. Rxb1 Bxb1 38. Kf2 Kg6 39. Bd4 h5 40. h3
Bc2 41. Bc3 Bc5+ 42. Ke2 Bf5 43. g4 hxg4 44. hxg4 Bd7 45. Bd4 Bxc6 46. Bxc5 Bb5+
47. Ke3 Ba4 48. Bf8 Bd1 49. Bc5 Bb3 50. Be7 Bd1 51. Bd8 Bb3 52. f4 f5 53. g5 Kf7
54. Kd4 g6 55. Kc5 Ke6 56. Ba5 Ba4 57. Bc3 Be8 58. Kb6 Kd7 59. Bd4 Bf7 60. Kc5
Be6 61. Kb6 Bf7 62. Bc5 Be6 63. Bd4 Bf7 64. Kc5 Be6 65. Bc3 Bf7 66. Bb4 Be6 67.
Bc3 Bf7 68. Bb4 Be6 69. Ba5 Bf7 70. Kd4 1/2-1/2

[Event "IMSA Basque w 2016"]
[Site "Huai'an CHN"]
[Date "2016.03.02"]
[Round "2.1"]
[White "Lagno, Kateryna"]
[Black "Huang, Qian"]
[Result "0-1"]
[WhiteTitle "GM"]
[BlackTitle "WGM"]
[WhiteElo "2529"]
[BlackElo "2450"]
[WhiteFideId "14109336"]
[BlackFideId "8602689"]
[EventDate "2016.03.02"]

1. e4 c5 2. Nf3 Nf6 3. e5 Nd5 4. Nc3 Nxc3 5. dxc3 e6 6. Bf4 Qb6 7. b3 Nc6 8. Qd2
Qc7 9. Rd1 b6 10. Be2 Bb7 11. O-O h6 12. Bg3 Ne7 13. Qf4 Nf5 14. Bd3 g5 15. Qg4
Nxg3 16. fxg3 Bg7 17. Qh5 Rf8 18. h4 Bxe5 19. hxg5 Bxc3 20. gxh6 Qxg3 21. h7
O-O-O 22. Qh4 Qxh4 23. Nxh4 f5 24. g4 Rh8 25. Nxf5 exf5 26. Bxf5 Bf6 27. Kh2 Bc6
28. Kh3 Rdf8 29. Bd3 Rf7 30. g5 Rfxh7+ 31. Bxh7 Rxh7+ 32. Kg4 Bb2 33. Rd2 Be4
34. Rd6 Rh2 35. Rf7 Rg2+ 36. Kh5 Rh2+ 37. Kg4 Bc6 38. c4 Kc7 39. Rh6 Rg2+ 40.
Kh5 Be4 41. Re6 Bc6 42. Ree7 Rh2+ 43. Kg4 Rg2+ 44. Kh5 Bd4 45. g6 Rxa2 46. g7
Rh2+ 47. Kg4 Rg2+ 48. Kh3 Rg1 49. Kh4 a6 50. Kh3 b5 51. cxb5 axb5 52. Kh2 Rg6
53. Kh3 Kb6 54. Kh4 Rg1 55. Kh5 Rg3 56. Kh6 Bxg7+ 57. Rxg7 Rxb3 58. Kg5 b4 59.
Kf4 Rc3 60. Rg8 b3 61. Re3 Rc4+ 62. Ke5 Rb4 63. Rg1 Kc7 64. Rb1 d6+ 65. Ke6 c4
66. Rb2 Bb7 67. Rc3 Be4 68. Re3 Bb7 69. Rc3 Kc6 70. Rg3 Kc5 71. Kf5 Bc8+ 72. Ke4
c3+ 0-1

[Event "IMSA Basque w 2016"]
[Site "Huai'an CHN"]
[Date "2016.03.02"]
[Round "2.2"]
[White "Huang, Qian"]
[Black "Lagno, Kateryna"]
[Result "0-1"]
[WhiteTitle "WGM"]
[BlackTitle "GM"]
[WhiteElo "2450"]
[BlackElo "2529"]
[WhiteFideId "8602689"]
[BlackFideId "14109336"]
[EventDate "2016.03.02"]

1. c4 g6 2. Nf3 Bg7 3. d4 Nf6 4. g3 c5 5. Bg2 cxd4 6. Nxd4 O-O 7. Nc3 Qc7 8. b3
d5 9. O-O dxc4 10. Ndb5 Qa5 11. b4 Qxb4 12. Ba3 Qa5 13. Bxe7 Re8 14. Bd6 Na6 15.
Qc1 Bd7 16. Rb1 Bc6 17. Bxc6 bxc6 18. Qa3 Qxa3 19. Nxa3 Nd5 20. Na4 Rxe2 21.
Nxc4 Rxa2 22. Nc5 Nxc5 23. Bxc5 Rc2 24. Rbc1 Rxc1 25. Rxc1 a5 26. Rb1 a4 27. Na3
Nc3 28. Rb6 Ne4 29. Be7 Re8 30. Bb4 c5 31. Ba5 Bd4 32. Be1 Nxg3 33. Nc2 Nf5 34.
Ra6 Re2 0-1

[Event "IMSA Basque w 2016"]
[Site "Huai'an CHN"]
[Date "2016.03.02"]
[Round "2.3"]
[White "Socko, Monika"]
[Black "Tan, Zhongyi"]
[Result "0-1"]
[WhiteTitle "GM"]
[BlackTitle "WGM"]
[WhiteElo "2448"]
[BlackElo "2504"]
[WhiteFideId "1106619"]
[BlackFideId "8603642"]
[EventDate "2016.03.02"]

1. e4 d6 2. d4 g6 3. c4 Nf6 4. Nc3 Bg7 5. f3 O-O 6. Be3 Nc6 7. Nge2 a6 8. Qd2
Na5 9. Nc1 Nd7 10. b4 Nc6 11. Rb1 e5 12. d5 Nd4 13. Nb3 Nxb3 14. Rxb3 a5 15. a3
axb4 16. axb4 f5 17. Bd3 Nf6 18. O-O f4 19. Bf2 g5 20. c5 g4 21. Be2 g3 22. hxg3
fxg3 23. Bxg3 Nh5 24. Bh2 Nf4 25. cxd6 cxd6 26. g3 Ng6 27. Nb5 h5 28. Rc3 Bh3
29. Rfc1 Qb6+ 30. Qe3 Qxe3+ 31. Rxe3 Bh6 32. f4 exf4 33. gxf4 Nxf4 34. Bxf4 Bxf4
35. Rxh3 Bxc1 36. Nxd6 Ra2 37. Bxh5 Rff2 38. Nf5 Bf4 39. Ne3 Bh2+ 40. Kh1 Be5
41. Bg4 Bd4 42. d6 Ra1+ 43. Nd1 Rf1+ 44. Kh2 Be5+ 45. Kg2 Rfxd1 46. Bxd1 Rxd1
47. Rh5 Rd2+ 48. Kf3 Bxd6 49. Rb5 Kf7 50. e5 Be7 51. Rxb7 Ke6 52. Ke4 Re2+ 53.
Kd4 Bh4 54. Rb6+ Kf5 55. Rh6 Re4+ 56. Kd3 Bg5 57. Rb6 Rxe5 58. b5 Re3+ 59. Kc4
Re1 60. Rc6 Rc1+ 61. Kd5 Rb1 62. Kc4 Be3 63. Rd6 Ke5 64. Rd5+ Ke4 65. Rd8 Rc1+
66. Kb3 Bd4 67. Kb4 Kd3 68. b6 Rb1+ 69. Ka5 Kc4 70. Rc8+ Bc5 71. Ka6 Rxb6+ 72.
Ka7 Kd5 73. Ka8 Ra6+ 74. Kb7 Ra7+ 75. Kb8 Rf7 76. Ka8 Kd6 77. Kb8 Rf1 78. Rg8
Kc6 79. Rc8+ Kb6 80. Re8 Bd6+ 81. Kc8 Kc6 82. Rg8 Rb1 0-1